000 00789nam a2200253 i 4500
003 DO-SdBNP
005 20260203074903.0
007 ta
008 260303t2011 dr ac 000 0 spa d
040 _aDO-SdBNP
_bspa
_cBNPHU
_erda
041 _aspa
082 _axxxx
_bP965
_222
100 _920604
245 1 3 _aPropedéutico de español :
_bguía instruccional para el desarrollo de las comptencias básicas del español
264 _aSanto Domingo :
_bUNNATEC,
_c2011.
300 _a152 páginas
_bilustraciones ;
_c28 cm.
336 _atexto
_btxt
_2rdacontent
337 _asin mediación
_bn
_2rdamedia
338 _avolumen
_bnc
_2rdacarrier
590 _aInventariado, 2026/DG
710 1 _aUniversidad Nacional Tecnológica (UNNATEC)
_987296
910 _aDG
942 _2ddc
_cLBS1
999 _c60181
_d60181